|
|
|
|
| LEADER |
01193naa a2200265 i 4500 |
| 001 |
acta75274 |
| 005 |
20221108104652.0 |
| 008 |
220422s2022 hu o 1|| eng d |
| 020 |
|
|
|a 978-963-306-853-3
|
| 040 |
|
|
|a SZTE Egyetemi Kiadványok Repozitórium
|b hun
|
| 041 |
|
|
|a eng
|
| 100 |
1 |
|
|a Ranitović Aleksandra
|
| 245 |
1 |
0 |
|a Isolation of yeasts and acetic acid bacteria from kombucha beverage during fermentation
|h [elektronikus dokumentum] /
|c Ranitović Aleksandra
|
| 260 |
|
|
|a Faculty of Engineering, University of Szeged
|b Szeged
|c 2022
|
| 300 |
|
|
|a 104
|
| 490 |
0 |
|
|a International Conference on Science, Technology, Engineering and Economy
|
| 650 |
|
4 |
|a Műszaki és technológiai tudományok
|
| 650 |
|
4 |
|a Egyéb műszaki tudományok és technológiák
|
| 695 |
|
|
|a Élelmiszeripari technológia - előadáskivonat, Élesztőgombák - előadáskivonat
|
| 700 |
0 |
1 |
|a Cvetković Dragoljub
|e aut
|
| 700 |
0 |
1 |
|a Tomić Ana
|e aut
|
| 700 |
0 |
1 |
|a Markov Siniša
|e aut
|
| 700 |
0 |
1 |
|a Šovljanski Olja
|e aut
|
| 710 |
|
|
|a International conference on science, technology, engineering and economy (2022) (Szeged)
|
| 856 |
4 |
0 |
|u http://acta.bibl.u-szeged.hu/75274/1/2022_icostee_104.pdf
|z Dokumentum-elérés
|